[Event "Pan American-ch U18 Girls"]
[Site "San Jose"]
[Date "2017.07.03"]
[Round "4"]
[White "Ouellet, Maili Jade"]
[Black "Trakru, Priya"]
[Result "1/2-1/2"]
[WhiteElo "1944"]
[BlackElo "1858"]
[PlyCount "87"]
[EventDate "2017.07.01"]
[EventType "swiss"]
[EventRounds "9"]
[EventCountry "CRI"]
[SourceTitle "EXT 2022"]
[Source "ChessBase"]
[SourceDate "2021.10.06"]
[SourceVersion "1"]
[SourceVersionDate "2021.10.06"]
[SourceQuality "1"]

1. d4 d5 2. c4 c6 3. Nf3 Nf6 4. Nc3 e6 5. Bg5 Nbd7 6. e3 Qa5 7. Nd2 Bb4 8. Qc2 0-0 9. Be2 e5 10. 0-0 exd4 11. exd4 dxc4 12. Bxf6 Nxf6 13. Nxc4 Qc7 14. Bd3 Rd8 15. a3 Be7 16. Rad1 g6 17. Ne5 Be6 18. Rfe1 a6 19. Qe2 Rxd4 20. Nxf7 Bxf7 21. Qxe7 Qxe7 22. Rxe7 Rad8 23. Be2 Rxd1+ 24. Bxd1 Nd7 25. Bg4 Nf6 26. Bf3 Nd7 27. Na4 Bb3 28. Nc3 Nc5 29. h3 Rd7 30. Rxd7 Nxd7 31. Ne4 Bd5 32. Kf1 Kf8 33. Ke2 Ne5 34. Nd6 Bxf3+ 35. gxf3 b6 36. f4 Nd7 37. Kd3 Ke7 38. Ne4 Ke6 39. Ng3 h6 40. b4 Nf6 41. f3 Nd5 42. Ke4 Nc3+ 43. Kd3 Nd5 44. Ke4 1/2-1/2

[Event "Windsor NAYCC U16-U18 Girls"]
[Site "Windsor"]
[Date "2016.08.11"]
[Round "9.20"]
[White "Trakru, Priya"]
[Black "Davis, Katherine"]
[Result "1/2-1/2"]
[WhiteElo "1816"]
[BlackElo "1780"]
[PlyCount "97"]
[EventDate "2016.08.07"]
[EventType "swiss"]
[EventRounds "9"]
[EventCountry "CAN"]
[SourceTitle "EXT 2022"]
[Source "ChessBase"]
[SourceDate "2021.10.06"]
[SourceVersion "1"]
[SourceVersionDate "2021.10.06"]
[SourceQuality "1"]

1. e4 c5 2. Nf3 e6 3. c3 Nf6 4. e5 Nd5 5. d4 cxd4 6. cxd4 d6 7. Bd3 Nc6 8. 0-0 Ndb4 9. Be4 d5 10. Bd3 Nxd3 11. Qxd3 Be7 12. a3 a5 13. b3 0-0 14. Nc3 b6 15. Qe3 Ba6 16. Re1 Qd7 17. Bb2 Rfc8 18. Qf4 Bd3 19. Re3 Bg6 20. Ne2 Na7 21. Ne1 Qd8 22. Rg3 Bh4 23. Rg4 Be7 24. Rg3 Kh8 25. Qd2 Bh4 26. Re3 Kg8 27. g3 Be7 28. f4 Bf5 29. Kg2 Rc7 30. Nc1 Rac8 31. Ncd3 Nb5 32. Nf2 Bg6 33. a4 Na7 34. Bc3 Nc6 35. Ned3 h6 36. Ra2 Qf8 37. Rb2 Nb8 38. Ne1 Na6 39. Ra2 Bb4 40. Bxb4 Nxb4 41. Rb2 Qd8 42. g4 Rc6 43. Rf3 Qd7 44. h4 h5 45. gxh5 Bxh5 46. Rg3 Bg6 47. Qe2 Rc3 48. Rg5 Bf5 49. Ng4 1/2-1/2

[Event "Windsor NAYCC U16-U18 Girls"]
[Site "Windsor"]
[Date "2016.08.10"]
[Round "6.21"]
[White "Trakru, Priya"]
[Black "Liu, Miranda"]
[Result "1-0"]
[WhiteElo "1816"]
[BlackElo "1902"]
[PlyCount "93"]
[EventDate "2016.08.07"]
[EventType "swiss"]
[EventRounds "9"]
[EventCountry "CAN"]
[SourceTitle "EXT 2022"]
[Source "ChessBase"]
[SourceDate "2021.10.06"]
[SourceVersion "1"]
[SourceVersionDate "2021.10.06"]
[SourceQuality "1"]

1. e4 c5 2. c3 d5 3. exd5 Qxd5 4. d4 Nf6 5. Nf3 e6 6. Be2 cxd4 7. cxd4 Nc6 8. 0-0 Be7 9. Nc3 Qd8 10. Bf4 0-0 11. Qd2 Nb4 12. Ne5 Nbd5 13. Bg3 a6 14. Bf3 Bb4 15. a3 Ba5 16. Qd3 Ne7 17. Rfd1 Nf5 18. Na4 Nxg3 19. hxg3 Rb8 20. Rac1 Bd7 21. Nc5 Bb5 22. Qc2 Qe7 23. a4 Be8 24. Qb3 b5 25. Nxa6 Rb6 26. Nc5 bxa4 27. Qa2 Bb4 28. Nxa4 Ra6 29. b3 Nd5 30. Qe2 Rxa4 31. bxa4 Nc3 32. Rxc3 Bxc3 33. Qa6 f6 34. Nc4 Bf7 35. a5 Rd8 36. Qb6 e5 37. d5 Bd4 38. Qc6 Qa7 39. Rd2 Rb8 40. Be4 Kh8 41. Nd6 Bg6 42. a6 Bxe4 43. Nxe4 f5 44. Nd6 h6 45. Nb5 Rb6 46. Qc8+ Kh7 47. Nxa7 1-0

[Event "Wch U14 Girls"]
[Site "Porto Carras"]
[Date "2015.11.05"]
[Round "11"]
[White "Trakru, Priya"]
[Black "Redondo Benavente, Ana"]
[Result "1-0"]
[WhiteElo "1780"]
[BlackElo "2064"]
[PlyCount "129"]
[EventDate "2015.10.25"]
[EventType "swiss"]
[EventRounds "11"]
[EventCountry "GRE"]
[SourceTitle "CBM 169 Extra"]
[Source "ChessBase"]
[SourceDate "2015.12.18"]
[SourceVersion "1"]
[SourceVersionDate "2015.12.18"]
[SourceQuality "1"]

1. e4 e5 2. Nf3 Nc6 3. Bc4 Bc5 4. d3 Nf6 5. c3 a6 6. Bb3 Ba7 7. h3 d6 8. Nbd2 h6 9. Nf1 Be6 10. Ng3 Qd7 11. Qe2 Bxb3 12. axb3 0-0-0 13. b4 d5 14. 0-0 dxe4 15. dxe4 Qd3 16. Qxd3 Rxd3 17. b5 Nb8 18. bxa6 Nxa6 19. Kh2 Re8 20. Ra5 Nd7 21. Nf5 g6 22. Nxh6 Bb6 23. Ra1 f6 24. Ng4 f5 25. Ne3 fxe4 26. Ng5 Nf6 27. Nc4 Ba7 28. Nf7 Nd7 29. Ng5 Nf6 30. Nf7 Rd5 31. Be3 Bb8 32. Rad1 Re7 33. Ng5 b5 34. Na5 Red7 35. Rxd5 Rxd5 36. Nc6 Kd7 37. Ra1 Rd6 38. Nxe5+ Ke8 39. Nxg6 Nd5 40. Nf4 Nxe3 41. fxe3 Ba7 42. Nxe4 Rh6 43. Nd5 Re6 44. Rxa6 Bb6 45. Ra8+ Kd7 46. Nxb6+ cxb6 47. Nf2 Rxe3 48. Ra2 Kd6 49. b4 Kd5 50. Rd2+ Kc4 51. Nd1 Re1 52. g4 Kb3 53. g5 Ka3 54. h4 Re4 55. Kg3 Re1 56. Kg4 Rg1+ 57. Kh5 Re1 58. Kh6 Re6+ 59. g6 Re4 60. h5 Re7 61. g7 Re6+ 62. Kh7 Re5 63. g8Q Rxh5+ 64. Kg6 Rh6+ 65. Kxh6 1-0

[Event "Wch U14 Girls"]
[Site "Durban"]
[Date "2014.09.25"]
[Round "7"]
[White "Zhao, Shengxin"]
[Black "Trakru, Priya"]
[Result "1/2-1/2"]
[WhiteElo "1766"]
[BlackElo "1665"]
[PlyCount "66"]
[EventDate "2014.09.20"]
[EventType "swiss"]
[EventRounds "11"]
[EventCountry "RSA"]
[SourceTitle "CBM 162 Extra"]
[Source "ChessBase"]
[SourceDate "2014.10.17"]
[SourceVersion "1"]
[SourceVersionDate "2014.10.17"]
[SourceQuality "1"]

1. d4 Nf6 2. c4 e6 3. g3 d5 4. Bg2 dxc4 5. Nf3 a6 6. a4 Nc6 7. 0-0 Rb8 8. e3 Bd6 9. Qe2 b5 10. axb5 axb5 11. Nc3 0-0 12. Rd1 Bd7 13. e4 e5 14. d5 Nb4 15. Ne1 Qe7 16. h3 c6 17. g4 Rfd8 18. Bg5 h6 19. Bh4 Bc5 20. Kh1 Be8 21. f4 cxd5 22. fxe5 Qxe5 23. Nf3 Qc7 24. e5 g5 25. exf6 gxh4 26. Nxh4 Nd3 27. Rxd3 cxd3 28. Qxd3 d4 29. Ne4 Bf8 30. Nf5 Qc4 31. Qd2 Kh7 32. Ng5+ Kg8 33. Ne4 Kh7 1/2-1/2

[Event "Wch U12 Girls"]
[Site "Al Ain"]
[Date "2013.12.23"]
[Round "7"]
[White "Trakru, Priya"]
[Black "Aseel, Odeh"]
[Result "1-0"]
[WhiteElo "1566"]
[BlackElo "1680"]
[PlyCount "35"]
[EventDate "2013.12.18"]
[EventType "swiss"]
[EventRounds "11"]
[EventCountry "UAE"]
[SourceTitle "CBM 158 Extra"]
[Source "ChessBase"]
[SourceDate "2014.02.28"]
[SourceVersion "1"]
[SourceVersionDate "2014.02.28"]
[SourceQuality "1"]

1. e4 e5 2. Nf3 Nc6 3. Bb5 g6 4. d4 exd4 5. Bg5 Be7 6. Bxe7 Qxe7 7. Bxc6 dxc6 8. Qxd4 Nf6 9. Nc3 Bd7 10. 0-0-0 c5 11. Qd2 0-0-0 12. e5 Ne8 13. Nd5 Qf8 14. Ng5 Ng7 15. Qa5 Kb8 16. Qxc7+ Ka8 17. Rd3 Ne6 18. Nb6+ 1-0

[Event "Wch U12 Girls"]
[Site "Al Ain"]
[Date "2013.12.21"]
[Round "5"]
[White "Trakru, Priya"]
[Black "Palma, Maria"]
[Result "1/2-1/2"]
[WhiteElo "1566"]
[BlackElo "1710"]
[PlyCount "45"]
[EventDate "2013.12.18"]
[EventType "swiss"]
[EventRounds "11"]
[EventCountry "UAE"]
[SourceTitle "CBM 158 Extra"]
[Source "ChessBase"]
[SourceDate "2014.02.28"]
[SourceVersion "1"]
[SourceVersionDate "2014.02.28"]
[SourceQuality "1"]

1. e4 e5 2. Nf3 Nc6 3. Nc3 Nf6 4. d4 exd4 5. Nxd4 Bc5 6. Be3 Bb6 7. g3 d6 8. h3 Qe7 9. Bg2 Ba5 10. Nxc6 bxc6 11. e5 Nd7 12. exd6 cxd6 13. Bxc6 Rb8 14. Qd5 Bb6 15. 0-0 Bxe3 16. Rae1 0-0 17. Rxe3 Qf6 18. Ne4 Qxb2 19. Qxd6 Rb6 20. Rb3 Rxb3 21. cxb3 Nb6 22. Kg2 Qxa2 23. Nc5 1/2-1/2